KOHA-Header-6

The century for young people (Record no. 13315)

000 -LEADER
fixed length control field 00285nam a22001217a 4500
020 ## - INTERNATIONAL STANDARD BOOK NUMBER
ISBN 0-439-16843-0
082 ## - DEWEY DECIMAL CLASSIFICATION NUMBER
Classification number 909.82
Item number 10390
100 ## - MAIN ENTRY--AUTHOR NAME
Personal name Armstrong, Jennifer
245 ## - TITLE STATEMENT
Title The century for young people
260 ## - PUBLICATION, DISTRIBUTION, ETC. (IMPRINT)
Place of publication New York
Name of publisher Scholastic Inc.
Year of publication 1999
300 ## - PHYSICAL DESCRIPTION
Number of Pages 245
942 ## - ADDED ENTRY ELEMENTS (KOHA)
Koha item type Books
Holdings
Withdrawn status Lost status Permanent Location Current Location Shelving location Date acquired Full call number Accession Number Koha item type
    MAJU MAJU Shelf No.A13 2022-05-21 909.82 10390 Books

Powered by Koha